<?xml version="1.0" encoding="UTF-8"?>
<marc:record xmlns:marc="http://www.loc.gov/MARC21/slim">
   <marc:leader>00000nam a2200000 a 4500</marc:leader>
   <marc:datafield ind1="1" ind2=" " tag="100">
      <marc:subfield code="a">Erlbruch, Wolf</marc:subfield>
      <marc:subfield code="4">aut</marc:subfield>
      <marc:subfield code="e">Verfasser/-in</marc:subfield>
   </marc:datafield>
   <marc:datafield ind1=" " ind2=" " tag="653">
      <marc:subfield code="a">Glück</marc:subfield>
   </marc:datafield>
   <marc:datafield ind1=" " ind2=" " tag="653">
      <marc:subfield code="a">Außenseiter</marc:subfield>
   </marc:datafield>
   <marc:datafield ind1=" " ind2=" " tag="653">
      <marc:subfield code="a">Bilderbuch</marc:subfield>
   </marc:datafield>
   <marc:datafield ind1=" " ind2=" " tag="653">
      <marc:subfield code="a">Freunde</marc:subfield>
   </marc:datafield>
   <marc:datafield ind1="0" ind2="0" tag="245">
      <marc:subfield code="a">Die fürchterlichen Fünf</marc:subfield>
   </marc:datafield>
   <marc:datafield ind1="0" ind2="0" tag="245">
      <marc:subfield code="c">Erlbruch, Wolf</marc:subfield>
   </marc:datafield>
   <marc:datafield ind1=" " ind2="1" tag="264">
      <marc:subfield code="a">Wuppertal</marc:subfield>
      <marc:subfield code="b">Peter Hammer Verlag</marc:subfield>
      <marc:subfield code="c">2011</marc:subfield>
   </marc:datafield>
   <marc:datafield ind1=" " ind2=" " tag="250">
      <marc:subfield code="a">10. Aufl.</marc:subfield>
   </marc:datafield>
   <marc:datafield ind1="1" ind2=" " tag="520">
      <marc:subfield code="a">Was seid Ihr denn für ein trauriger Verein? Ein Grüppchen Triefnasen, wie? Die Hyäne platzt in die depressive Runde, bestehend aus Kröte, Ratte, Spinne und Fledermaus. Sieh uns doch an. Glaubst Du, es ist lustig, wenn alle anderen dich nur hässlich und eklig finden? Doch die Hyäne, selbst ja nicht gerade durch bemerkenswerte Schönheit bekannt, sieht das anders, packt ihr Saxophon aus und - schon ist es ein klein wenig schöner, dort unter dem Brückenbogen.   Ton um Ton kommt Schwung in die kreidegezeichneten, vor schlichtem Hintergrund präsentierten Figuren. So wird in dieser Nacht eine Idee geboren, die die Langeweile für immer vertreiben soll: Du meinst, wir sollten so eine Art Pfannkuchen-Bude mit Musik aufmachen? Abend für Abend feiern sie nun gemeinsam mit Fuchs, Hase und Co. das Leben in seiner schönen (und hässlichen) Vielfalt.   Wolf Erlbruch wandelt seine Figuren von Das-Glas-Ist-Halb-Leer-Typen hin zu überzeugenden Optimisten, deren Gesang und Lachen ansteckend durch die Nacht hallt.   *STUBE*</marc:subfield>
   </marc:datafield>
   <marc:datafield ind1=" " ind2=" " tag="020">
      <marc:subfield code="a">9783872944344</marc:subfield>
      <marc:subfield code="9">9783872944344</marc:subfield>
   </marc:datafield>
   <marc:datafield ind1=" " ind2=" " tag="020">
      <marc:subfield code="a">3872944347</marc:subfield>
      <marc:subfield code="9">3872944347</marc:subfield>
   </marc:datafield>
   <marc:datafield ind1=" " ind2=" " tag="041">
      <marc:subfield code="a">ger</marc:subfield>
   </marc:datafield>
   <marc:datafield ind1=" " ind2=" " tag="300">
      <marc:subfield code="b">überw. III.</marc:subfield>
   </marc:datafield>
   <marc:datafield ind1=" " ind2=" " tag="338">
      <marc:subfield code="a">Band</marc:subfield>
   </marc:datafield>
   <marc:datafield ind1=" " ind2=" " tag="300">
      <marc:subfield code="a">[32] S.</marc:subfield>
   </marc:datafield>
</marc:record>
